[Event "SM-2022-0-00496"]
[Site "LSS email"]
[Date "2022.12.29"]
[Round "?"]
[White "Koch, Christian"]
[Black "Ozen, Bahadir"]
[Result "1/2-1/2"]
[WhiteElo "2324"]
[BlackElo "2260"]
[PlyCount "40"]
[EventDate "2022.12.07"]
[EventType "tourn (corr)"]
[EventRounds "6"]
[EventCountry "GER"]
[SourceTitle "Corr 2024"]
[Source "ChessBase"]
[SourceDate "2023.10.19"]
[SourceVersion "1"]
[SourceVersionDate "2023.10.19"]
[SourceQuality "1"]

1. e4 e5 2. Nf3 Nc6 3. d4 exd4 4. Nxd4 Nf6 5. Nxc6 bxc6 6. Nc3 Bb4 7. Bd3 d5 8. exd5 cxd5 9. 0-0 0-0 10. h3 Re8 11. Qf3 c6 12. Bf4 Nd7 13. Rfe1 Nc5 14. Rxe8+ Qxe8 15. a3 Nxd3 16. cxd3 Bf8 17. d4 Qe6 18. Na4 Qf6 19. Qe3 Bd7 20. Rc1 Re8 1/2-1/2

[Event "RM-2022-0-00276"]
[Site "LSS email"]
[Date "2022.12.18"]
[Round "?"]
[White "Koch, Christian"]
[Black "Susla, Vitaliy"]
[Result "1/2-1/2"]
[WhiteElo "2334"]
[BlackElo "2293"]
[PlyCount "35"]
[EventDate "2022.11.07"]
[EventType "tourn (corr)"]
[EventRounds "6"]
[EventCountry "GER"]
[SourceTitle "Corr 2024"]
[Source "ChessBase"]
[SourceDate "2023.10.19"]
[SourceVersion "1"]
[SourceVersionDate "2023.10.19"]
[SourceQuality "1"]

1. c4 e5 2. g3 Nf6 3. Bg2 Bc5 4. Nc3 c6 5. e3 Bb6 6. Nge2 d5 7. cxd5 cxd5 8. d4 e4 9. f3 exf3 10. Bxf3 Nc6 11. Nf4 Ba5 12. Qb3 0-0 13. Nfxd5 Be6 14. 0-0 Nxd5 15. Bxd5 Nxd4 16. exd4 Bxc3 17. Bxe6 Bxd4+ 18. Be3 1/2-1/2

[Event "RM-2022-0-00276"]
[Site "LSS email"]
[Date "2022.12.17"]
[Round "?"]
[White "Ozen, Bahadir"]
[Black "Koch, Christian"]
[Result "1/2-1/2"]
[WhiteElo "2248"]
[BlackElo "2334"]
[PlyCount "41"]
[EventDate "2022.11.07"]
[EventType "tourn (corr)"]
[EventRounds "6"]
[EventCountry "GER"]
[SourceTitle "Corr 2024"]
[Source "ChessBase"]
[SourceDate "2023.10.19"]
[SourceVersion "1"]
[SourceVersionDate "2023.10.19"]
[SourceQuality "1"]

1. c4 Nf6 2. Nc3 e5 3. Nf3 Nc6 4. g3 d5 5. cxd5 Nxd5 6. Bg2 Bc5 7. 0-0 0-0 8. d3 h6 9. Nxd5 Qxd5 10. b3 e4 11. dxe4 Qxe4 12. Bb2 Rd8 13. Qc1 Qb4 14. Bc3 Qb6 15. Qb2 Bf8 16. Nd2 Be6 17. Rfd1 a5 18. Nc4 Qc5 19. a4 Rxd1+ 20. Rxd1 b6 21. Bd4 1/2-1/2

[Event "RM-2022-0-00274"]
[Site "LSS email"]
[Date "2022.12.13"]
[Round "?"]
[White "Ozen, Bahadir"]
[Black "Koch, Christian"]
[Result "1/2-1/2"]
[WhiteElo "2258"]
[BlackElo "2335"]
[PlyCount "43"]
[EventDate "2022.10.13"]
[EventType "tourn (corr)"]
[EventRounds "6"]
[EventCountry "GER"]
[SourceTitle "Corr 2024"]
[Source "ChessBase"]
[SourceDate "2023.10.19"]
[SourceVersion "1"]
[SourceVersionDate "2023.10.19"]
[SourceQuality "1"]

1. Nf3 c5 2. e4 d6 3. d4 cxd4 4. Nxd4 Nf6 5. Nc3 a6 6. Be3 e5 7. Nb3 Be6 8. f3 h5 9. Qd2 Nbd7 10. Nd5 Bxd5 11. exd5 g6 12. 0-0-0 Nb6 13. Kb1 Nbxd5 14. Bg5 Be7 15. g3 Nb6 16. Bxf6 Bxf6 17. Qxd6 h4 18. g4 Na4 19. Bc4 Qxd6 20. Rxd6 Be7 21. Rdd1 b5 22. Bd5 1/2-1/2

[Event "SM-2022-0-00484"]
[Site "LSS email"]
[Date "2022.09.25"]
[Round "?"]
[White "Helmer, Janos"]
[Black "Koch, Christian"]
[Result "1/2-1/2"]
[WhiteElo "2232"]
[BlackElo "2304"]
[PlyCount "40"]
[EventDate "2022.09.10"]
[EventType "tourn (corr)"]
[EventRounds "6"]
[EventCountry "GER"]
[SourceTitle "Corr 2024"]
[Source "ChessBase"]
[SourceDate "2023.10.19"]
[SourceVersion "1"]
[SourceVersionDate "2023.10.19"]
[SourceQuality "1"]

1. Nf3 Nf6 2. c4 e6 3. Nc3 d5 4. d4 Bb4 5. Bg5 h6 6. Bxf6 Qxf6 7. e3 0-0 8. Rc1 dxc4 9. Bxc4 c5 10. 0-0 cxd4 11. Ne4 Qe7 12. Nxd4 Bd7 13. Be2 Nc6 14. a3 Nxd4 15. Qxd4 Ba5 16. Qc5 Bd8 17. Bf3 Bc6 18. Rfd1 a5 19. h3 Bxe4 20. Bxe4 Qxc5 1/2-1/2

[Event "ST-2022-0-00222"]
[Site "LSS email"]
[Date "2022.09.25"]
[Round "?"]
[White "Koch, Christian"]
[Black "Nichols, Scott"]
[Result "1/2-1/2"]
[WhiteElo "2303"]
[BlackElo "2329"]
[PlyCount "31"]
[EventDate "2022.04.10"]
[EventType "tourn (corr)"]
[EventRounds "6"]
[EventCountry "GER"]
[SourceTitle "Corr 2024"]
[Source "ChessBase"]
[SourceDate "2023.10.19"]
[SourceVersion "1"]
[SourceVersionDate "2023.10.19"]
[SourceQuality "1"]

1. d4 Nf6 2. c4 g6 3. Nc3 d5 4. Nf3 Bg7 5. cxd5 Nxd5 6. e4 Nxc3 7. bxc3 c5 8. Rb1 0-0 9. Be2 cxd4 10. cxd4 Qa5+ 11. Bd2 Qxa2 12. 0-0 Bg4 13. Be3 Nc6 14. d5 Ne5 15. Rxb7 a5 16. Rxe7 1/2-1/2

[Event "ST-2022-0-00222"]
[Site "LSS email"]
[Date "2022.09.25"]
[Round "?"]
[White "Koch, Christian"]
[Black "Rita, Giacomo"]
[Result "1/2-1/2"]
[WhiteElo "2303"]
[BlackElo "2433"]
[PlyCount "80"]
[EventDate "2022.04.10"]
[EventType "tourn (corr)"]
[EventRounds "6"]
[EventCountry "GER"]
[SourceTitle "Corr 2024"]
[Source "ChessBase"]
[SourceDate "2023.10.19"]
[SourceVersion "1"]
[SourceVersionDate "2023.10.19"]
[SourceQuality "1"]

1. d4 Nf6 2. g3 d5 3. Nf3 Bf5 4. Bg2 e6 5. c4 c6 6. Nc3 h6 7. Qb3 Qb6 8. c5 Qxb3 9. axb3 Be7 10. b4 0-0 11. Be3 Nbd7 12. h3 Bh7 13. g4 Ne4 14. h4 Nxc3 15. bxc3 a5 16. bxa5 Ra6 17. 0-0 Rfa8 18. c4 dxc4 19. Bd2 e5 20. Nxe5 Nxe5 21. dxe5 Bc2 22. Rfc1 Bb3 23. e3 Bxc5 24. Bf1 Bb6 25. Bxc4 Bxc4 26. Rxc4 Bxa5 27. Bxa5 Rxa5 28. Rxa5 Rxa5 29. f4 Kf8 30. Kf2 Ra6 31. Kf3 b5 32. Rc2 b4 33. Ke4 b3 34. Rb2 Ra4+ 35. Kd3 c5 36. Kc3 g5 37. hxg5 hxg5 38. Rxb3 gxf4 39. exf4 Rxf4 40. e6 fxe6 1/2-1/2

[Event "RM-2022-0-00269"]
[Site "LSS email"]
[Date "2022.08.06"]
[Round "?"]
[White "Susla, Vitaliy"]
[Black "Koch, Christian"]
[Result "1/2-1/2"]
[WhiteElo "2316"]
[BlackElo "2323"]
[PlyCount "45"]
[EventDate "2022.05.26"]
[EventType "tourn (corr)"]
[EventRounds "6"]
[EventCountry "GER"]
[SourceTitle "Corr 2024"]
[Source "ChessBase"]
[SourceDate "2023.10.19"]
[SourceVersion "1"]
[SourceVersionDate "2023.10.19"]
[SourceQuality "1"]

1. e4 c5 2. Nf3 Nc6 3. d4 cxd4 4. Nxd4 Nf6 5. Nc3 e5 6. Ndb5 d6 7. Bg5 a6 8. Na3 b5 9. Nd5 Be7 10. Bxf6 Bxf6 11. c3 Rb8 12. Nc2 Bg5 13. a4 bxa4 14. Ncb4 Bd7 15. Bxa6 Ne7 16. Nxe7 Bxe7 17. 0-0 0-0 18. Qe2 Qe8 19. Bc4 g6 20. Rfd1 Kg7 21. h3 h5 22. Ra2 Bg5 23. Qd3 1/2-1/2

[Event "WC-2022-S-00003"]
[Site "LSS email"]
[Date "2022.06.21"]
[Round "?"]
[White "Koch, Christian"]
[Black "Podvoysky, Evgeny"]
[Result "1/2-1/2"]
[WhiteElo "2320"]
[BlackElo "2314"]
[PlyCount "43"]
[EventDate "2022.06.21"]
[EventType "tourn (corr)"]
[EventRounds "12"]
[EventCountry "GER"]
[SourceTitle "Corr 2024"]
[Source "ChessBase"]
[SourceDate "2023.10.19"]
[SourceVersion "1"]
[SourceVersionDate "2023.10.19"]
[SourceQuality "1"]

1. e4 e5 2. Nf3 Nc6 3. Bb5 a6 4. Ba4 Nf6 5. d3 d6 6. c3 g6 7. 0-0 Bg7 8. h3 0-0 9. Re1 h6 10. a3 b5 11. Bc2 a5 12. Be3 d5 13. Nbd2 Re8 14. b4 d4 15. cxd4 exd4 16. Bf4 axb4 17. a4 Ba6 18. Qc1 Qc8 19. a5 Nd8 20. Bb3 c5 21. e5 Nd7 22. Ne4 1/2-1/2

[Event "WC-2022-S-00003"]
[Site "LSS email"]
[Date "2022.06.21"]
[Round "?"]
[White "Koch, Christian"]
[Black "Susla, Vitaliy"]
[Result "1/2-1/2"]
[WhiteElo "2320"]
[BlackElo "2331"]
[PlyCount "41"]
[EventDate "2022.06.21"]
[EventType "tourn (corr)"]
[EventRounds "12"]
[EventCountry "GER"]
[SourceTitle "Corr 2024"]
[Source "ChessBase"]
[SourceDate "2023.10.19"]
[SourceVersion "1"]
[SourceVersionDate "2023.10.19"]
[SourceQuality "1"]

1. e4 c5 2. Nc3 d6 3. Nge2 Nf6 4. d4 cxd4 5. Nxd4 a6 6. Bg5 e6 7. f4 Qb6 8. Qd2 Qxb2 9. Rb1 Qa3 10. e5 h6 11. Bh4 dxe5 12. fxe5 Nd5 13. Nxd5 exd5 14. e6 Bxe6 15. Nxe6 fxe6 16. Bd3 Be7 17. Bg6+ Kd8 18. Bxe7+ Qxe7 19. 0-0 Qc5+ 20. Kh1 Nd7 21. Rf7 1/2-1/2

[Event "RM-2022-0-00266"]
[Site "LSS email"]
[Date "2022.06.04"]
[Round "?"]
[White "Koch, Christian"]
[Black "Cirulis, Ilmars"]
[Result "1/2-1/2"]
[WhiteElo "2321"]
[BlackElo "2276"]
[PlyCount "50"]
[EventDate "2022.03.27"]
[EventType "tourn (corr)"]
[EventRounds "6"]
[EventCountry "GER"]
[SourceTitle "Corr 2024"]
[Source "ChessBase"]
[SourceDate "2023.10.19"]
[SourceVersion "1"]
[SourceVersionDate "2023.10.19"]
[SourceQuality "1"]

1. d4 d5 2. c4 c6 3. Nf3 Nf6 4. e3 Bf5 5. Nc3 e6 6. Nh4 Bg6 7. Be2 Nbd7 8. 0-0 Bd6 9. g3 0-0 10. Nxg6 hxg6 11. Qc2 Rc8 12. Rd1 Re8 13. Bd2 a6 14. Be1 Be7 15. h4 Bb4 16. Rac1 Bxc3 17. Bxc3 Ne4 18. Kg2 f5 19. Bb4 Kh7 20. b3 Qc7 21. Be1 Ndf6 22. f3 Nd6 23. Bf2 Qd7 24. Rd2 Rcd8 25. Rf1 Kg8 1/2-1/2

[Event "RM-2022-0-00266"]
[Site "LSS email"]
[Date "2022.06.04"]
[Round "?"]
[White "Koch, Christian"]
[Black "Kazimierski, Tomasz"]
[Result "1/2-1/2"]
[WhiteElo "2321"]
[BlackElo "2242"]
[PlyCount "59"]
[EventDate "2022.03.27"]
[EventType "tourn (corr)"]
[EventRounds "6"]
[EventCountry "GER"]
[SourceTitle "Corr 2024"]
[Source "ChessBase"]
[SourceDate "2023.10.19"]
[SourceVersion "1"]
[SourceVersionDate "2023.10.19"]
[SourceQuality "1"]

1. f4 d5 2. Nf3 g6 3. d3 Nf6 4. Nbd2 Ng4 5. Nb3 Bg7 6. c3 0-0 7. h3 Nf6 8. g4 b6 9. Bg2 c5 10. a4 Qc7 11. a5 Ba6 12. 0-0 Nc6 13. f5 gxf5 14. gxf5 Kh8 15. Rf2 e5 16. fxe6 fxe6 17. axb6 axb6 18. Qe1 Qf7 19. Nbd2 Qd7 20. Nf1 c4 21. Qd1 e5 22. Ng3 cxd3 23. exd3 e4 24. Ne1 Qf7 25. Bf4 Rg8 26. dxe4 Nxe4 27. Nxe4 dxe4 28. Ra4 Qg6 29. Qg4 Ne5 30. Qxg6 1/2-1/2

[Event "RM-2022-0-00266"]
[Site "LSS email"]
[Date "2022.06.04"]
[Round "?"]
[White "Nichols, Scott"]
[Black "Koch, Christian"]
[Result "1/2-1/2"]
[WhiteElo "2327"]
[BlackElo "2321"]
[PlyCount "58"]
[EventDate "2022.03.27"]
[EventType "tourn (corr)"]
[EventRounds "6"]
[EventCountry "GER"]
[SourceTitle "Corr 2024"]
[Source "ChessBase"]
[SourceDate "2023.10.19"]
[SourceVersion "1"]
[SourceVersionDate "2023.10.19"]
[SourceQuality "1"]

1. e4 d5 2. exd5 Nf6 3. d4 Qxd5 4. c4 Qe4+ 5. Ne2 e5 6. Nbc3 Bb4 7. Bd2 Bxc3 8. Bxc3 exd4 9. Qxd4 0-0 10. f3 Qe7 11. Qe5 Be6 12. Nd4 Nbd7 13. Qe3 Rfe8 14. 0-0-0 Qc5 15. Nc2 Bf5 16. Qxc5 Nxc5 17. Nd4 Bg6 18. Nb5 Ne6 19. Be5 c6 20. Nd6 Re7 21. h4 h5 22. Rh2 Rd8 23. g3 Ne8 24. Rhd2 f6 25. Bc3 Nxd6 26. Rxd6 Rde8 27. b4 c5 28. a3 Kf7 29. Kb2 b6 1/2-1/2

[Event "RM-2022-0-00266"]
[Site "LSS email"]
[Date "2022.06.04"]
[Round "?"]
[White "Ozen, Bahadir"]
[Black "Koch, Christian"]
[Result "1/2-1/2"]
[WhiteElo "2219"]
[BlackElo "2321"]
[PlyCount "40"]
[EventDate "2022.03.27"]
[EventType "tourn (corr)"]
[EventRounds "6"]
[EventCountry "GER"]
[SourceTitle "Corr 2024"]
[Source "ChessBase"]
[SourceDate "2023.10.19"]
[SourceVersion "1"]
[SourceVersionDate "2023.10.19"]
[SourceQuality "1"]

1. d4 Nf6 2. c4 e6 3. Nc3 Bb4 4. Qc2 0-0 5. e4 d5 6. e5 Ne4 7. Bd3 c5 8. Nf3 cxd4 9. Nxd4 Nd7 10. Bf4 Qh4 11. g3 Qh5 12. 0-0 g5 13. cxd5 gxf4 14. dxe6 Nxe5 15. Nxe4 fxe6 16. gxf4 Rxf4 17. Kh1 Kh8 18. Rg1 Nxd3 19. Qxd3 Be7 20. Rac1 Bd7 1/2-1/2

[Event "SM-2022-0-00468"]
[Site "LSS email"]
[Date "2022.04.15"]
[Round "?"]
[White "Martin, Simone"]
[Black "Koch, Christian"]
[Result "1/2-1/2"]
[WhiteElo "2200"]
[BlackElo "2325"]
[PlyCount "40"]
[EventDate "2022.03.30"]
[EventType "tourn (corr)"]
[EventRounds "6"]
[EventCountry "GER"]
[SourceTitle "Corr 2024"]
[Source "ChessBase"]
[SourceDate "2023.10.19"]
[SourceVersion "1"]
[SourceVersionDate "2023.10.19"]
[SourceQuality "1"]

1. Nf3 Nf6 2. d4 e6 3. c4 b6 4. g3 Ba6 5. b3 Bb4+ 6. Bd2 Be7 7. Bg2 d5 8. cxd5 exd5 9. 0-0 0-0 10. Ne5 Bb7 11. Nc3 Re8 12. Rc1 Nbd7 13. Rc2 h6 14. Bf4 Nf8 15. Bc1 Ne6 16. Bb2 c6 17. h4 Bd6 18. e3 Rc8 19. Qe2 a6 20. Nb1 a5 1/2-1/2

[Event "ST-2022-0-00219"]
[Site "LSS email"]
[Date "2022.04.09"]
[Round "?"]
[White "Krzyzanowski, Wojciech"]
[Black "Koch, Christian"]
[Result "1/2-1/2"]
[WhiteElo "2319"]
[BlackElo "2331"]
[PlyCount "63"]
[EventDate "2022.03.16"]
[EventType "tourn (corr)"]
[EventRounds "6"]
[EventCountry "GER"]
[SourceTitle "Corr 2024"]
[Source "ChessBase"]
[SourceDate "2023.10.19"]
[SourceVersion "1"]
[SourceVersionDate "2023.10.19"]
[SourceQuality "1"]

1. e4 c5 2. Nc3 d6 3. Nge2 a6 4. d4 cxd4 5. Qxd4 Nc6 6. Qd2 Nf6 7. b3 e6 8. Bb2 b5 9. 0-0-0 Be7 10. Kb1 Bd7 11. a3 Qb6 12. f3 h5 13. Na2 Ne5 14. Nf4 0-0 15. Be2 Rfc8 16. h3 Rab8 17. g4 Nc4 18. bxc4 bxc4 19. Qc3 e5 20. Nd5 Nxd5 21. Rxd5 Be6 22. Rdd1 Bf6 23. Ka1 d5 24. exd5 e4 25. Rd4 Bxd5 26. Nb4 Ba8 27. fxe4 a5 28. Nd5 Bxd5 29. exd5 Re8 30. Bxc4 Rec8 31. Rb1 Bxd4 32. Qxd4 1/2-1/2

[Event "ST-2022-0-00218"]
[Site "LSS email"]
[Date "2022.04.04"]
[Round "?"]
[White "Simmelink, Joop"]
[Black "Koch, Christian"]
[Result "1/2-1/2"]
[WhiteElo "2462"]
[BlackElo "2352"]
[PlyCount "92"]
[EventDate "2022.02.18"]
[EventType "tourn (corr)"]
[EventRounds "6"]
[EventCountry "GER"]
[SourceTitle "Corr 2024"]
[Source "ChessBase"]
[SourceDate "2023.10.19"]
[SourceVersion "1"]
[SourceVersionDate "2023.10.19"]
[SourceQuality "1"]

1. e4 c5 2. Nf3 d6 3. d4 cxd4 4. Nxd4 Nf6 5. Nc3 a6 6. Be3 e5 7. Nb3 Be6 8. h3 Be7 9. f4 Nc6 10. f5 Bxb3 11. axb3 Nb4 12. g3 d5 13. exd5 0-0 14. Bg2 Qc7 15. 0-0 Rad8 16. Bf2 Bc5 17. Kh2 Bd4 18. Qd2 h5 19. Ra4 Qb6 20. Ne2 Bxf2 21. Rxb4 Qa7 22. Nc3 Bd4 23. Rc4 h4 24. gxh4 Rfe8 25. Rd1 Qb8 26. Kh1 Bxc3 27. Rxc3 e4 28. d6 Re5 29. Qg5 Rxd6 30. Re1 Qf8 31. Rg3 Kh8 32. h5 Rc5 33. c3 a5 34. Rg1 Rcd5 35. Bf1 Rd1 36. Be2 Rxg1+ 37. Kxg1 Ng8 38. Bc4 Nh6 39. Qf4 Rd1+ 40. Kh2 Qe7 41. Re3 Rd2+ 42. Re2 Rxe2+ 43. Bxe2 Ng8 44. Bc4 Kh7 45. h6 Nxh6 46. Bd5 e3 1/2-1/2

[Event "ST-2022-0-00218"]
[Site "LSS email"]
[Date "2022.04.02"]
[Round "?"]
[White "Koch, Christian"]
[Black "Bernal Varela, Nelson"]
[Result "1/2-1/2"]
[WhiteElo "2352"]
[BlackElo "2391"]
[PlyCount "55"]
[EventDate "2022.02.18"]
[EventType "tourn (corr)"]
[EventRounds "6"]
[EventCountry "GER"]
[SourceTitle "Corr 2024"]
[Source "ChessBase"]
[SourceDate "2023.10.19"]
[SourceVersion "1"]
[SourceVersionDate "2023.10.19"]
[SourceQuality "1"]

1. g3 e6 2. Bg2 d5 3. Nf3 c5 4. 0-0 Nf6 5. c4 d4 6. e3 Nc6 7. exd4 cxd4 8. d3 Bc5 9. Bf4 Nd7 10. Nbd2 0-0 11. Nb3 a5 12. Ne5 Ncxe5 13. Bxe5 Nxe5 14. Nxc5 Qc7 15. Nb3 Nc6 16. Nd2 Bd7 17. b3 Ne5 18. Qe2 Bc6 19. f4 Bxg2 20. Kxg2 Nc6 21. Nf3 Rfe8 22. Rfe1 Qd6 23. Rab1 Rab8 24. Kg1 h6 25. Qe4 Qa3 26. Ra1 Qb2 27. Reb1 Qa3 28. Re1 1/2-1/2